| 000 | 02686nam a22003977a 4500 | ||
|---|---|---|---|
| 005 | 20170825111533.0 | ||
| 008 | 110825t xxu||||| |||| 00| 0 eng d | ||
| 010 | _aENG-86714-17 ENG-101770 ENG-101935 ENG-103593 | ||
| 020 |
_a0195681231 (v.36) _c0.00 (v.36)70 |
||
| 020 |
_a0195684506 (v.37) _c700.00 (v.37) |
||
| 020 |
_a0195688139 (v.38) _c800.00 (v.38) |
||
| 020 |
_a0195691504 (v.39) _c800.00 (v.39) |
||
| 020 |
_a0198070667(v.41) _c1000.00(v.41) |
||
| 020 |
_a9780198070665(v.41) _c1000.00(v.41) |
||
| 020 |
_a9780198072430 (v.42) _c1000.00 |
||
| 020 |
_a9780198077190(v.43) _c1000.00 |
||
| 020 |
_a019807719x(v.43) _c1000.00 |
||
| 035 | _aEN-70247-50 | ||
| 035 | _aEN-85303 | ||
| 035 | _aEN-85468 | ||
| 035 | _aEN-87126 | ||
| 037 | _bDBAD / PUB | ||
| 040 |
_adpl _bEng |
||
| 082 | 0 | 0 | _a080 |
| 245 | 1 | 0 |
_aSelected works of Jawaharlal Nehru / _cedited by Mushirul Hasan |
| 260 |
_aNew Delhi _bJawaharlal Nehru Memorial Fund _c2005-07 _c2010 _c2010 _c2011 |
||
| 300 |
_av. <1-39> v.36-39 v.41 v.42 ; v.43(752p.; 636p.; 863p.; 887p.;938p.; 922p.;712) : _bill. _c25 cm (Hb) |
||
| 490 | _asecond series | ||
| 500 | _a"A project of the Jawaharlal Nehru Memorial Fund." | ||
| 500 | _aIncludes indexes. | ||
| 500 | _aD.B.Act Division received V.21, 22, 23, 24, 25, 31, 33, 34 & 35 on 2005 & V.37 to V.39 recd. on 10.09.2007. V.41; V.42 recd. on 14.01.2011; V.43 recd. on 24.8.2011 (922p.) | ||
| 505 | 1 | _a-- v. 15. pt. 2. 26 October 1950-28 February 1951 -- v. 16. pt. 1. 1 March 1951-30 June 1951 -- pt. 2. 1 July 1951-31 October 1951 -- v. 17. 1 November 1951-31 March 1952 -- v. 18. 1 April-15 July 1952 -- v. 19. 16 July 1952-18 October 1952 -- v. 20. 19 October 1952-31 December 1952 -- v. 21. 1 January 1953-31 March 1953 -- v. 22. 1 April 1953-30 June 1953 -- v. 23. 1 July 1953-30 September 1953 -- v. 24. 1 October 1953-31 January 1954 -- v. 25. 1 February 1954-31 May 1954 -- v. 26. 1 June 1954-30 September 1954 -- v. 27. 1 October 1954-31 January 1955 -- v. 28. 1 February-31 May 1955 -- v. 29. 1 June 1955-31 August 1955 -- v. 30. 1 September-17 November 1955 -- v. 31. 18 November 1955-31 January 1956 -- v. 32. 1 February-30 April 1956 -- v. 33. 1 May-20 June 1965 -- v. 34. 21 June-31 August 1956 -- v. 35. 1 September-30 November 1956 -- v. 36. 1 December 1956-21 February 1957 (752p.) -- v. 37. 22 February-30 April 1957 (636p.) -- v. 38. 1 May-31 July 1957(863p.) -- v. 39. 1 August - October 1957 (887p.) --v.41.1 January-31 March 1958 v.42 1 April-30 June 1958; v.43-1 July-31 August 1958 | |
| 700 |
_aMushirul Hasan _924619 |
||
| 710 | 2 |
_aJawaharlal Nehru Memorial Fund. _924620 |
|
| 942 |
_cEN _adpl _2ddc _h080 _m NEH |
||
| 999 |
_c55966 _d55966 |
||